书目信息

书名: 新建本科院校校企合作协同创新人才培养模式研究与实践 
作者: 邹卒, 袁敏, 黎芳霞,
出版信息: 成都   电子科技大学出版社  2019.6
开本页数: 24cm  208页
丛书名:
单 册:
中图分类: G64
科图分类:
主题词: 高等学校--gao deng xue xiao--产学合作--人才培养--培养模式--研究--中国
电子资源:
ISBN: 978-7-5647-7222-2
000 01792nam0 2200301 450
001 012021000047
005 20210915083851.6
010    @a978-7-5647-7222-2@dCNY59.00
100    @a20191006d2019 em y0chiy50 ea
101 @achi
102    @aCN@b510000
105    @aak a 000yy
106    @ar
200 @a新建本科院校校企合作协同创新人才培养模式研究与实践@Axin jian ben ke yuan xiao xiao qi he zuo xie tong chuang xin ren cai pei yang mo shi yan jiu yu shi jian@f邹卒, 袁敏, 黎芳霞著
210    @a成都@c电子科技大学出版社@d2019.6
215    @a208页@c图@d24cm
300    @a重庆市教育科学“十三五”规划重点课题研究项目--“以行业学院为依托下的新建地方应用型本科院校校企合作协同创新人才培养模式研究与实践”研究成果 (课题编号: 2017-GX-037)
314    @a邹卒, 重庆师范大学教育管理硕士, 高校讲师, 高级会展策划师、中级人力资源管理师。袁敏, 硕士研究生, 重庆工程学院讲师。黎芳霞, 重庆工程学院讲师, “双师型”教师。
320    @a有书目 (第207-208页)
330    @a校企合作是当前高校培养人才的重要手段。它是一种注重培养质量, 注重在校学习与企业实践, 注重学校与企业资源、信息共享的“双赢”模式。本著作立足人才培养的基本理论, 结合当前校企合作模式在我国的发展状况, 论述了新建本科院校校企合作培养人才的方式, 并结合案例, 研究了新建本科院校如何通过校企合作提高人才的培养水平, 在高等教育内涵式发展中凸显自己的特色。
517 @a本科院校校企合作协同创新人才培养模式研究与实践@Aben ke yuan xiao xiao qi he zuo xie tong chuang xin ren cai pei yang mo shi yan jiu yu shi jian
606 @a高等学校@Agao deng xue xiao@x产学合作@x人才培养@x培养模式@x研究@y中国
690    @aG64@v5
701  0 @a邹卒,@Azhou zu@f1986-@4著
701  0 @a袁敏,@Ayuan min@f1974-@4著
701  0 @a黎芳霞,@Ali fang xia@f1984-@4著
801  0 @aCN@bCDNYKJZYXY@c20210915
905    @aCDNYKJZYXY@b300622193-5@dG64@e489@f3
    
    新建本科院校校企合作协同创新人才培养模式研究与实践/邹卒, 袁敏, 黎芳霞著.-成都:电子科技大学出版社,2019.6
    208页:图;24cm
    重庆市教育科学“十三五”规划重点课题研究项目--“以行业学院为依托下的新建地方应用型本科院校校企合作协同创新人才培养模式研究与实践”研究成果 (课题编号: 2017-GX-037)
    
    ISBN 978-7-5647-7222-2:CNY59.00
    校企合作是当前高校培养人才的重要手段。它是一种注重培养质量, 注重在校学习与企业实践, 注重学校与企业资源、信息共享的“双赢”模式。本著作立足人才培养的基本理论, 结合当前校企合作模式在我国的发展状况, 论述了新建本科院校校企合作培养人才的方式, 并结合案例, 研究了新建本科院校如何通过校企合作提高人才的培养水平, 在高等教育内涵式发展中凸显自己的特色。
相关链接 在五车中查询图书 在当当中查询图书 在豆瓣中查询图书


正题名:新建本科院校校企合作协同创新人才培养模式研究与实践     索取号:G64/489         预约/预借

序号 登录号 条形码 馆藏地/架位号 状态 备注
1 622193   300622193   柳城-3楼/11架11列5层/ [索取号:G64/489] 在馆    
2 622194   300622194   柳城-3楼/11架11列5层/ [索取号:G64/489] 在馆    
3 622195   300622195   柳城-3楼/11架11列5层/ [索取号:G64/489] 在馆